Taylor Swift Songs - Sudden Death - Statistics

General Stats
  • This quiz has been taken 92,453 times
  • The average score is 15 of 20
Answers on the Grid
Answers color-coded by a green-red scale on the quiz's grid according to % correct below.
All Too Well
Bad Blood
Begin Again
Behind Your Eyes
Blank Space
Broken Guitar
Cardigan
Champagne Problems
Cruel Summer
Dangerous Liaisons
Dear John
Dime Store Romance
Empty Fields
Fog Lights
Fortnight
Getaway Car
Illicit Affairs
Lavender Haze
Lost and Found
Love Story
Lover
Mr. Perfectly Fine
No Body, No Crime
No Direction
Nothing Out West
Same Four Chords
Shake It Off
Snow on the Beach
Swipe Right
The Story of Us
Tight End Lover
Tim McGraw
 
Answer Stats
Answer % Correct
Bad Blood
93%
Blank Space
90%
Cruel Summer
86%
Shake It Off
84%
All Too Well
83%
Love Story
82%
Cardigan
80%
Lover
80%
Fortnight
74%
Lavender Haze
73%
Champagne Problems
71%
Dear John
71%
Getaway Car
71%
The Story of Us
69%
Mr. Perfectly Fine
66%
Illicit Affairs
64%
Tim McGraw
64%
No Body, No Crime
61%
Snow on the Beach
61%
Begin Again
57%
No matching quizzes found
Score Distribution
Percent of People with Each Score
Percentile by Number Answered
Your Score History
You have not taken this quiz